000 00415nam a2200145Ia 4500
008 231129s2003||||xx |||||||||||||| ||spa||
020 _a970-10-3647-6
040 _bspa
082 _a660.2969 S651i
100 _aSmith J.M.
245 0 _aIntroducción a la termodinámica en ingenierí­a quí­mica
260 _c2003
264 _aBogotá: McGraw-Hill
942 _2ddc
_cBKS
999 _c15919
_d15919